A lantern in her hand (Record no. 26742)

MARC details
000 -LEADER
fixed length control field 00493nam a2200181Ia 4500
020 ## - INTERNATIONAL STANDARD BOOK NUMBER
ISBN 9780140384284
050 ## - CALL MARK
Classification number PZ 3.A3642 .A43/
100 ## - STATEMENT OF RESPONSIBILITY--MAIN AUTHOR NAME
Personal name Aldrich, Bess Streeter.
245 #2 - TITLE STATEMENT
Title A lantern in her hand
260 ## - PUBLICATION, DISTRIBUTION, ETC. (IMPRINT)
Place of publication New york
260 ## - PUBLICATION, DISTRIBUTION, ETC. (IMPRINT)
Name of publisher Penguin group
260 ## - PUBLICATION, DISTRIBUTION, ETC. (IMPRINT)
Year of publication 1997
300 ## - PHYSICAL DESCRIPTION
Number of Pages 251 p
650 ## - SUBJECT ADDED ENTRY--TOPICAL TERM
Topical Term Frontier and pioneer life--Fiction. Women pioneers--Fiction. Nebraska--Fiction.
942 ## - ADDED ENTRY ELEMENTS (KOHA)
Koha item type Books
Holdings
Withdrawn status Lost status Source of classification or shelving scheme Damaged status Not for loan Permanent Location Current Location Date acquired Full call number Accession Number Price effective from Koha item type
    Library of Congress Classification     NILE UNIVERSITY OF NIGERIA - MAIN LIBRARY NILE UNIVERSITY OF NIGERIA - MAIN LIBRARY 04/23/2025 PZ 3.A3642 .A43 0190814 04/23/2025 Books